000 01708nam a22004217a 4500
003 CHAP
005 20220329143411.0
008 090408s2008 mx ab r 00010 spa d
010 _a96030
011 _a97002
035 _a107661
040 _cCHAP
090 _aTesis
100 1 _aGarcía Munguía, Alberto Margarito.
_946349
245 1 0 _aDeterminación morfológica, molecular, patogénica y manejo de enfermedades de raíz y cuello en céspedes de campos de golf
_c/por Alberto Margarito García Munguía
260 _aChapingo, Méx. :
_bEl autor,
_c2008
300 _aviii, 164 h. :
_bilus., cuadros, gráfs.
502 _aTesis (M.C. en Protección Vegetal) -- UACH. Departamento de Parasitología Agrícola
530 _aTambién disponible en línea
590 _aALEPH
_b10
_c20130110
_lUCH01
_h1528
590 _aBATCH-UPD
_b10
_c20130110
_lUCH01
_h0634
590 _aBATCH-UPD
_b10
_c20130410
_lUCH01
_h0318
590 _aBATCH-UPD
_b10
_c20130410
_lUCH01
_h1629
590 _aBATCH-UPD
_b10
_c20130914
_lUCH01
_h0830
590 _aBATCH-UPD
_b10
_c20140324
_lUCH01
_h1511
590 _aBATCH-UPD
_b10
_c20141002
_lUCH01
_h0839
590 _aCONVERSION
_b10
_c20130109
_lUCH01
_h1353
650 1 4 _aCampos de golf.
_918094
650 1 4 _aCésped
_xEnfermedades por hongos.
_924334
650 1 4 _aCésped
_xEnfermedades.
_924333
650 1 4 _aCésped
_xFisiología y morfologia.
_924335
650 1 4 _aHongos patógenos.
_956136
856 _3Finding aid
_uhttp://10.13.5.2/tesis/107661.pdf
_zTeclea aqui
901 _aBK
942 _cFOLL
949 _aTesis
_bBC
_cTES
_d33724002089165
_eTS1
_gDonaciØn
_h49169
_i107661
_sb
949 _aTesis
_bBC
_cTES
_d33724002089207
_eTS2
_fc.2
_gDonaciØn
_h49170
_i107661
_si
999 _c96030
_d96030